000 00635nam a2200301Ia 4500
005 20260401122158.0
008 008 250103s9999 xx 000 0 eng d
020 _a8172013752
037 _aTB
040 _aEDL
040 _beng
040 _cEDL
041 _2eng
041 _aeng
084 _a891.2 JHA
084 _qEDL
100 _aJha, Hetukar
_91232826
245 0 _aGanganatha Jha
245 0 _cJha, Hetukar
260 _aNew Delhi
260 _bSahitya Akademi
260 _c1992
300 _a82p
942 _cTB
942 _h891.2 JHA
999 _c1845431
_d1845431